Terminais e Estações Tubo da Grande Curitiba - Statistics

Estatísticas Gerais
  • Esse quiz foi jogado 83 vezes
    74 desde o último reset
  • A pontuação média é 58 de 178
Estatísticas das Respostas
Bairro/Cidade Resposta % Correto
Hauer Terminal Hauer
69%
Santa Cândida Terminal Santa Cândida
69%
CIC Terminal CIC
67%
Portão Terminal Portão
67%
Xaxim Xaxim
67%
Boqueirão Terminal Boqueirão
64%
Capão da Imbuia Terminal Capão da Imbuia
64%
Novo Mundo Terminal Capão Raso
64%
Boqueirão Terminal Carmo
64%
Capão Raso Terminal Pinheirinho
64%
Sítio Cercado Terminal Sítio Cercado
64%
Centro Praça Rui Barbosa
61%
Barreirinha Terminal Barreirinha
61%
Cabral Terminal Cabral
61%
São José dos Pinhais Terminal Central de São José dos Pinhais
58%
Santa Felicidade Terminal Santa Felicidade
58%
Campo Comprido Terminal Campo Comprido
56%
Tatuquara Terminal Tatuquara
56%
Cajuru Cajuru
53%
Centro Estação Central
53%
Fanny Fanny
53%
Jardim Botânico Jardim Botânico
53%
Bairro Alto Terminal Bairro Alto
53%
Boa Vista Terminal Boa Vista
53%
Campina do Siqueira Terminal Campina do Siqueira
53%
Fazendinha Terminal Fazendinha
53%
Prado Velho Parolin
50%
Centro Praça Carlos Gomes
50%
Centro Praça Eufrásio Correia
50%
Araucária Terminal Araucária
50%
Pinhais Terminal Pinhais
50%
Mercês Mercês
47%
Prado Velho PUC
47%
Jardim Botânico Rodoferroviária
47%
Santa Quitéria Santa Quitéria
47%
Cajuru Terminal Centenário
47%
Colombo Terminal Maracanã
47%
Rebouças UTFPR
47%
Água Verde Água Verde
44%
Vila Izabel Dom Pedro I
44%
Centro Cívico Passeio Público
44%
Almirante Tamandaré Terminal Almirante Tamandaré
44%
Almirante Tamandaré Terminal Cachoeira
44%
Fazenda Rio Grande Terminal Fazenda Rio Grande
44%
Boa Vista Ahú
42%
Alto Boqueirão Alto Boqueirão
42%
Parolin Marechal Floriano Peixoto
42%
Alto da Glória Maria Clara
42%
Sítio Cercado Osternack
42%
Centro Praça Oswaldo Cruz
42%
Centro Cívico Prefeitura
42%
Bacacheri Solar
42%
Araucária Terminal Angélica
42%
CIC Terminal Caiuá
42%
Centro Tiradentes
42%
Bigorrilho Bigorrilho
39%
Cabral Bom Jesus
39%
CIC CIC Norte
39%
Batel Coronel Dulcídio
39%
Rebouças Getúlio Vargas
39%
Jardim das Américas Jardim das Américas
39%
Água Verde Petit Carneiro
39%
Bigorrilho Praça da Ucrânia
39%
Água Verde Silva Jardim
39%
Centro Terminal Guadalupe
39%
Colombo Terminal Guaraituba
39%
Centro Alferes Poli
36%
Batel Bento Viana
36%
Centro Cívico Centro Cívico
36%
Boa Vista Holanda
36%
Guaíra Lindóia
36%
Centro Praça Osório
36%
Colombo Atuba
33%
Mercês Brigadeiro Franco
33%
Tarumã Detran
33%
Novo Mundo Itajubá
33%
Mossunguê Mossunguê
33%
Centro Cívico Praça 19 de Dezembro
33%
Boqueirão Quartel
33%
Vila Izabel Sebastião Paraná
33%
São José dos Pinhais Terminal Afonso Pena
33%
Cristo Rei Urbano Lopes
33%
Mercês 29 de Março
31%
Pinhais Autódromo
31%
Bigorrilho Bruno Filgueira
31%
Bairro Alto Fagundes Varela
31%
Centro Marechal Deodoro
31%
Centro Praça do Expedicionário
31%
Bom Retiro Teffé
31%
Parolin TRE
31%
Centro Visconde de Nacar
31%
Água Verde Vital Brasil
31%
Portão Wenceslau Braz
31%
Cabral Agrárias
28%
Sítio Cercado Bairro Novo
28%
Mossunguê Barigui
28%
Sítio Cercado Coqueiros
28%
Capão da Imbuia Delegado Amazor Prestes
28%
Cristo Rei Hospital Cajuru
28%
Rebouças Mariano Torres
28%
Portão Morretes
28%
Juvevê Moysés Marcondes
28%
Centro Cívico Museu Oscar Niemeyer
28%
Alto da XV Praça das Nações
28%
Uberaba Salgado Filho
28%
Fanny Santa Bernadethe
28%
Colombo Terminal Roça Grande
28%
Pinheirinho Winston Churchill
28%
Portão Carlos Dietzch
25%
Centro Círculo Militar
25%
Bacacheri Fernando de Noronha
25%
Novo Mundo Hospital do Trabalhador
25%
Prado Velho Paiol
25%
Mossunguê Paulo Gorski
25%
Rebouças Presidente Kennedy
25%
Rebouças Sete de Setembro
25%
Cajuru Terminal Oficinas
25%
Cristo Rei Viaduto Capanema
25%
Rebouças Westphalen
25%
Cabral Antônio Cavalheiros
22%
Boa Vista Antônio Lago
22%
Pinhais Camilo de Lellis
22%
Tarumã Colégio Militar
22%
Alto da XV Constantino Marochi
22%
Boa Vista Gago Coutinho
22%
Bigorrilho Gastão Câmara
22%
Santa Cândida Joaquim Nabuco
22%
Capão Raso Pedro Gusso
22%
Campina do Siqueira Rio Barigui
22%
Campo Comprido U.S. Campo Comprido
22%
Pinheirinho Xapinhal
22%
Parolin Ferrovila
19%
Campo Comprido Imperial
19%
Capão Raso José C. Bettega
19%
Campina do Siqueira Major Heitor Guimarães
19%
Guaíra Marumby
19%
Boqueirão Passarela
19%
Capão da Imbuia Paulo Kissula
19%
São Francisco Praça da Bandeira
19%
Hauer Roberto Hauer
19%
Pinheirinho Sagrado Coração
19%
Mossunguê São Grato
19%
Jardim Social Vila Olímpica
19%
Xaxim Vila São Pedro
19%
Rebouças Almirante Gonçalves
17%
Guaíra Antero de Quental
17%
Sítio Cercado Arroio Cercado
17%
Centro Cívico Comendador Fontana
17%
Guaíra Dom Ático
17%
Alto Boqueirão Eucaliptos
17%
Alto Boqueirão Euclides da Cunha
17%
Boqueirão Hipólito da Costa
17%
Alto Boqueirão Nova Europa
17%
Capão Raso Ouro Verde
17%
Mercês Presidente Taunay
17%
Sítio Cercado Quitandinha
17%
Capão Raso Santa Regina
17%
Boqueirão Antonio de Paula
14%
Alto Boqueirão Araça
14%
Alto Boqueirão Érico Veríssimo
14%
Alto Boqueirão Erton Coelho
14%
Cajuru Germânia
14%
Pinheirinho Rosa Tortato
14%
Capão Raso São Pedro
14%
Capão da Imbuia Vila Nova
14%
Cajuru A. Meirelles Sobrinho
11%
Cajuru Catulo da Paixão Cearense
11%
Parolin Conselheiro Dantas
11%
Prado Velho João Viana Seiler
11%
Hauer Pádua Fleury
11%
Capão da Imbuia Pastor Manoel Virginio De Souza
11%
Capão da Imbuia Professora Maria Aguiar Teixeira
11%
Água Verde Vila Guaíra
11%
Sítio Cercado Centro Médico Comunitário
8%
Bairro Alto China
8%
Boqueirão Parque Iguaçu
8%
Cajuru Teófilo Otoni
8%
Boqueirão Coronel Luiz dos Santos
6%
Nenhum quiz correspondente encontrado
Distribuição das Pontuações
Porcentagem de Pessoas com Cada Pontuação
Percentil de Números Respondidos
Sua Pontuação Histórica
Você não jogou esse quiz desde o último reset